Las vírgenes locas / (Record no. 16730)
[ view plain ]
| 000 -LEADER | |
|---|---|
| campo de control de longitud fija | 00831nam a2200241 i 4500 |
| 001 - NÚMERO DE CONTROL | |
| campo de control | 16730 |
| 003 - IDENTIFICADOR DE NÚMERO DE CONTROL | |
| campo de control | ES-MaACL |
| 005 - FECHA Y HORA DE LA ÚLTIMA TRANSACCIÓN | |
| campo de control | 20230906151402.0 |
| 007 - CAMPO FIJO DE DESCRIPCIÓN FÍSICA--INFORMACIÓN GENERAL | |
| campo de control de longitud fija | t| |
| 008 - DATOS DE LONGITUD FIJA--INFORMACIÓN GENERAL | |
| campo de control de longitud fija | 001027s1999 sp |||| | spa d |
| 020 ## - NÚMERO INTERNACIONAL ESTÁNDAR DEL LIBRO | |
| Número Internacional Estándar del Libro | 84-89618-41-0 |
| 080 ## - NÚMERO DE LA CLASIFICACIÓN DECIMAL UNIVERSAL | |
| Número de la Clasificación Decimal Universal | 821.134.2-31"18" |
| 245 04 - MENCIÓN DEL TÍTULO | |
| Título | Las vírgenes locas / |
| Mención de responsabilidad, etc. | edición de Rafael Reig ; director de la redacción, Sinesio Delgado ; [autores] Leopoldo Alas Clarín... [et al.]. |
| 260 ## - PUBLICACIÓN, DISTRIBUCIÓN, ETC. | |
| Lugar de publicación, distribución, etc. | Madrid : |
| Nombre del editor, distribuidor, etc. | Lengua de Trapo, |
| Fecha de publicación, distribución, etc. | [1999] |
| 300 ## - DESCRIPCIÓN FÍSICA | |
| Extensión | XIX, 150 p. ; |
| Dimensiones | 22 cm. |
| 490 1# - MENCIÓN DE SERIE | |
| Mención de serie | Rescatados Lengua de Trapo ; |
| Designación de volumen o secuencia | 1 |
| 700 1# - ENTRADA AGREGADA--NOMBRE PERSONAL | |
| Nombre de persona | Reig, Rafael ( |
| Fechas asociadas al nombre | 1963-) |
| 9 (RLIN) | 149376 |
| 700 1# - ENTRADA AGREGADA--NOMBRE PERSONAL | |
| Nombre de persona | Delgado, Sinesio, |
| Fechas asociadas al nombre | 1859-1928 |
| 9 (RLIN) | 43434 |
| 700 1# - ENTRADA AGREGADA--NOMBRE PERSONAL | |
| Nombre de persona | Alas, Leopoldo, |
| Fechas asociadas al nombre | 1852-1901 |
| 9 (RLIN) | 226375 |
| 830 0# - PUNTO DE ACCESO ADICIONAL DE SERIE-TÍTULO UNIFORME | |
| Título uniforme | Rescatados Lengua de Trapo ; |
| Designación de volumen o secuencia | 1 |
| 9 (RLIN) | 192386 |
| 852 ## - LOCALIZACIÓN | |
| Ubicación | ES-MaACL |
| Número de control de estantería | L-23843 |
| Estatus retirado | Estado de pérdida | Estado de daño | No para préstamo | Biblioteca de origen | Biblioteca actual | Ubicación en estantería | Fecha de adquisición | Fuente de adquisición | Total de préstamos | Signatura topográfica completa | Código de barras | Visto por última vez | Precio de reemplazo | Tipo de ítem Koha |
|---|---|---|---|---|---|---|---|---|---|---|---|---|---|---|
| Biblioteca del Ateneo de Madrid | Biblioteca del Ateneo de Madrid | Depósito 2 | 17/01/2008 | L-23843 | 1016992 | 23/02/2023 | 23/02/2023 | Libro impreso |
